000
00251nam a2200097Ia 4500
001
640171
005
20250826153442.0
008
250824s9999 xx 000 0 und d
245
0
_a
9 Ejderha Eğitmenin 97 Yolu
_c
Kate McMullan
260
_b
BEYAZ BALİNA
999
_c
640171
_d
640171